Most frequent words from Hamilton - Statistics

General Stats
  • This quiz has been taken 83 times
  • The average score is 16 of 50
Answer Stats
Frequency Answer % Correct
83 Hamilton
91%
904 I
84%
52 Alexander
72%
140 You
69%
61 He
68%
63 Burr
66%
53 Shot
57%
110 We
56%
52 No
54%
47 My
53%
143 And
51%
34 Who
46%
37 When
43%
63 It
41%
65 What
38%
42 They
35%
52 Go
31%
37 Jefferson
31%
54 Say
31%
69 Away
26%
37 New
26%
42 Wait
26%
39 Wait
26%
51 Man
25%
47 One
25%
35 Story
25%
34 That
25%
34 York
24%
57 If
22%
111 Know
22%
66 Like
22%
47 Never
22%
39 Back
21%
46 Tell
21%
54 Time
21%
71 Room
19%
36 Look
18%
38 World
18%
70 But
16%
41 Happen
16%
60 See
16%
39 Side
16%
44 Right
15%
61 Take
15%
45 Around
12%
44 Hey
12%
34 Would
12%
76 Get
10%
58 Got
9%
43 Need
9%
No matching quizzes found
Score Distribution
Percent of People with Each Score
Percentile by Number Answered
Your Score History
You have not taken this quiz